| 000 | 00659nam a2200205Ia 4500 | ||
|---|---|---|---|
| 003 | GCL | ||
| 008 | 140319s9999 xx 000 0 ara d | ||
| 040 |
_aGCL / _cGCL |
||
| 082 | 0 | 4 |
_a882.009 _bى م |
| 100 | 1 | _aيوريبيديس | |
| 245 | 1 | 0 |
_aميديا (هدية من الاديب عبدالفتاح الجمل) / _cيوريبيديس |
| 700 | 1 | _aكمال ممدوح حمدى (ترجمة) | |
| 700 | 1 | _aمصطفى صادق | |
| 300 | _a109 ص | ||
| 490 |
_aمطبوعات الجديد _v0 |
||
| 650 | 0 | 4 | _aالملاحم |
| 650 | 0 | 4 | _aالمسرحيات اليونانية |
| 650 | 0 | 4 | _aالادب اليونانى المترجم |
| 942 |
_2ddc _cBK |
||
| 999 |
_c39851 _d39851 |
||